000
00286nam a2200109 4500
999
_c
12342
_d
12342
008
190123b ||||| |||| 00| 0 eng d
245
_a
New hope against cancer.
260
_a
Philippines
_b
The Philippine Star
_c
c2018
300
_a
page D1.
650
0
_9
34855
_a
Cancer.
942
_2
ddc
_c
PER